| 000 | 00800 a2200205 4500 | ||
|---|---|---|---|
| 020 | _a3540711325 | ||
| 020 | _a9783540711322 | ||
| 082 | _a516.08 | ||
| 090 |
_c1168 _d1168 |
||
| 100 | 1 | _aGruber, Peter M. | |
| 245 | 1 | 0 |
_aConvex and discrete geometry / _cPeter M. Gruber. |
| 260 |
_a[S.l.] : _bSpringer, _c2007. |
||
| 300 |
_a594 p. ; _c25 cm. |
||
| 490 | 1 | _aGrundlehren der mathematischen wissenschaften. | |
| 700 | _aGruber, Peter M. | ||
| 830 | 0 | _aGrundlehren der mathematischen wissenschaften. | |
| 942 |
_aSNS _cBK _k516.08 GRU |
||
| 999 |
_c29781 _d29781 |
||